MARC

LEADER 00000nam0a2200000 4500
001 306907
005 20231102001936.0
020 |a RU  |b 83-15574ж 
035 |a (RuTPU)RU\TPU\book\332184 
090 |a 306907 
100 |a 20151013d1983 k y0rusy5003 ca 
101 0 |a rus 
102 |a RU 
105 |a a z 001zy 
200 1 |a Создание машин для северных условий  |e [сборник трудов]  |f Всесоюзный научно-исследовательский институт строительного и дорожного машиностроения (ВНИИстройдормаш) ; под ред. А. А. Яркина 
210 |a Москва  |c [Б. и.]  |d 1983 
215 |a 91 с.  |c ил.  |d 20 см 
225 1 |a Труды Всесоюзного научно-исследовательского института строительного и дорожного машиностроения (ВНИИстройдормаш)  |v 96 
606 1 |a Дорожные машины  |2 stltpush  |3 (RuTPU)RU\TPU\subj\71089  |9 85148 
610 1 |a снегоочистители 
610 1 |a северные варианты 
610 1 |a снег 
610 1 |a скоростное фрезерование 
610 1 |a предохранительные устройства 
610 1 |a искусственные покрытия 
610 1 |a газоструйная очистка 
610 1 |a сварные соединения 
610 1 |a хладостойкость 
610 1 |a рыхлители 
610 1 |a грунты 
610 1 |a напряжение 
610 1 |a низкие температуры 
675 |a 625.768.5(211)  |z rus 
702 1 |a Яркин  |b А. А.  |g Андрей Андреевич  |4 340 
712 0 2 |a Всесоюзный научно-исследовательский институт строительного и дорожного машиностроения (ВНИИстройдормаш)  |2 stltpush  |3 (RuTPU)RU\TPU\col\22153 
801 0 |a RU  |b RuMRKP  |c 19950704  |g psbo 
801 1 |a RU  |b 63413507  |c 20151013 
801 2 |a RU  |b 63413507  |c 20170126  |g RCR 
942 |c BK